Actors Who Were Also Recording Artists - Statistics

General Stats
  • This quiz has been taken 144 times
  • The average score is 15 of 20
Answer Stats
Film Song Person % Correct
Jailhouse Rock “Can't Help Falling in Love” Elvis Presley
98%
Evita “Like a Prayer” Madonna
97%
Hannah Montana: The Movie “Wrecking Ball” Miley Cyrus
96%
The Bodyguard “I Will Always Love You” Whitney Houston
96%
Men in Black “Gettin’ Jiggy wit It” Will Smith
94%
From Here to Eternity “My Way” Frank Sinatra
91%
A Star is Born "Bad Romance" Lady Gaga
91%
Labyrinth “Space Oddity” David Bowie
90%
Moonstruck “Believe” Cher
88%
The Wizard of Oz “Over the Rainbow” Judy Garland
87%
The Social Network “SexyBack” Justin Timberlake
78%
Funny Girl “The Way We Were” Barbra Streisand
76%
White Christmas “White Christmas” Bing Crosby
74%
Beaches "The Wind Beneath My Wings" Bette Midler
66%
Rio Bravo “That’s Amore” Dean Martin
58%
Pillow Talk “Que Sera, Sera (Whatever Will Be...)” Doris Day
58%
Dreamgirls “And I Am Telling You I'm Not Going” Jennifer Hudson
58%
Solo: A Star Wars Story “This Is America” Donald Glover
52%
Dallas Buyers Club “The Kill (Bury Me)” Jared Leto
46%
Chicago “U.N.I.T.Y.” Queen Latifah
42%
No matching quizzes found
Score Distribution
Percent of People with Each Score
Percentile by Number Answered
Your Score History
You have not taken this quiz